000 00605nam a2200217 a 4500
001 17475
003 BD-RjUL
005 20211209000140.0
008 140217t1954 nyu 1 eng
035 _a(BD-RjUL)17533
040 _aBD-RjUL
_beng
_cBD-RjUL
041 _aeng
082 0 4 _a808.5
_bMUS 1954
100 1 _aMulgrave, Dorothy.
_953868
245 0 _aSpeech :
_bA Handbook of voice training Diction and pubic speaking /
260 1 _aNew York :
_bBarnes & noble,
_cc1954.
300 _axv, 270 p ;
_c23 cm.
490 0 _aColliege outline series.
504 _aincludes index.
942 _2ddc
_cBK
999 _c17475
_d17475